000 00757cab a2200229 4500
001 WB3407-26
008 090401t1998 xxu||||| |||| 00| 0 eng d
035 _a(Sirsi) u84339
041 _aeng
245 _aMundic homes
260 _c1998
350 _a0
490 _aWestern Morning News
_v11 February 1998, 6(1)
520 _aSome surveyors are advising people against selling off their Mundic homes for half price, saying that if kept well maintained and dry, they can last for years. Includes short factfile on Mundic and the stories of those who own Mundic houses.
650 _aCORNWALL
650 _aLENDING POLICY
650 _aLIFE EXPECTANCY
650 _aMUNDIC CONCRETE
690 _aHOUSING
942 _n0
948 _c19/02/1998
999 _c53001
_d53001